Films avec Jack Black par image - Statistiques

Statistiques générales
  • Ce quiz a été pris 451 fois
  • Le résultat moyen est 5 sur 12
Statistiques - réponses
Par images Réponse % Correct
Kung Fu Panda
96%
Jumanji
95%
Super Mario Bros, le film
94%
Rock Academy
42%
King Kong
30%
Chair de poule
26%
Tonnerre sous les Tropiques
26%
The Holiday
24%
Tenacious D et le mediator du destin
16%
Soyez sympas, rembobinez
6%
Bernie
3%
Margot va au mariage
1%
Aucun quiz correspondant
Distribution des résultats
% des personnes avec chaque résultat
Percentile par nombre de réponses
Votre historique - résultats
Vous n’avez pas pris ce quiz